Państwa z ruchem lewostronnym - nagła śmierć - Statystyki

Ogólne statystyki
  • Ten quiz został rozwiązany 42 razy
  • Średni wynik to 10 z 15
Answers on the Grid
Answers color-coded by a green-red scale on the quiz's grid according to % correct below.
Etiopia
Wielka Brytania
Malezja
Dominika
Algieria
Jamajka
Tonga
Portugalia
Bhutan
Malta
Barbados
Maroko
Bahamy
Mauritius
Szwajcaria
Wietnam
Tajlandia
Belgia
Holandia
USA
Japonia
Kolumbia
Cypr
Peru
Chile
Malawi
Irak
Samoa
Iran
Nigeria
 
Statystyki odpowiedzi
Odpowiedź % Poprawnych
Wielka Brytania
100%
Japonia
82%
Cypr
76%
Jamajka
73%
Malezja
73%
Tajlandia
73%
Bahamy
67%
Barbados
67%
Malta
67%
Dominika
64%
Samoa
64%
Mauritius
61%
Tonga
61%
Malawi
55%
Bhutan
52%
Nie znaleziono quizów pasujących do podanych kryteriów
Rozkład punktacji
Procent ludzi z każdym wynikiem
Percentyl według liczby udzielonych odpowiedzi
Twoja historia wyników
Nie rozwiązałeś tego quizu